000
00492nam a2200181Ia 4500
008
090124s9999 xx 000 0 und d
082
_b
31986
100
_a
भागवत दुर्गा
245
_a
कदंब
250
_a
1
260
_b
अथेना प्रकाशन
_c
1993
300
_a
154
600
_a
भागवत दुर्गा
630
_a
कदंब
700
_a
भागवत दुर्गा
730
_a
कदंब
942
_c
BOOK
999
_c
97819
_d
97819